Пластины твердосплавные напаиваемые для режущего инструмента; ГОСТ 25393-90 Пластины твердосплавные напаиваемые для режущего инструмента. Типы; ГОСТ 2209-90 (СТ СЭВ 676-77) Пластины твердосплавные напаиваемые для режущего инструмента. Технические условия; ГОСТ 25395-90 (СТ СЭВ 118-74, СТ СЭВ 124-74, СТ СЭВ 3308-81) Пластины твердосплавные напаиваемые типов 01, 02, 61, 62. Конструкция и размеры; ГОСТ 25397-90 (СТ СЭВ 121-74) Пластины твердосплавные напаиваемые типов 06, 66. Конструкция и размеры; ГОСТ 25426-90 (СТ СЭВ 120-74, СТ СЭВ 3310-81) Пластины твердосплавные напаиваемые типов 07, 67. Конструкция и размеры; ГОСТ 25402-90 Пластины твердосплавные напаиваемые типа 09. Конструкция и размеры; ГОСТ 25396-90 (СТ СЭВ 3308-81) Пластины твердосплавные напаиваемые типов 10, 70. Конструкция и размеры; ГОСТ 25398-90 (СТ СЭВ 126-74) Пластины твердосплавные напаиваемые типа 11. Конструкция и размеры
| Ente Autore: | |
|---|---|
| Lingua: | russo |
| Pubblicazione: |
Москва, Издательство стандартов, 1991
|
| Edizione: | Изд. официальное |
| TOC: | ГОСТ 25393-90 Пластины твердосплавные напаиваемые для режущего инструмента. Типы; ГОСТ 2209-90 (СТ СЭВ 676-77) Пластины твердосплавные напаиваемые для режущего инструмента. Технические условия; ГОСТ 25395-90 (СТ СЭВ 118-74, СТ СЭВ 124-74, СТ СЭВ 3308-81) Пластины твердосплавные напаиваемые типов 01, 02, 61, 62. Конструкция и размеры; ГОСТ 25397-90 (СТ СЭВ 121-74) Пластины твердосплавные напаиваемые типов 06, 66. Конструкция и размеры; ГОСТ 25426-90 (СТ СЭВ 120-74, СТ СЭВ 3310-81) Пластины твердосплавные напаиваемые типов 07, 67. Конструкция и размеры; ГОСТ 25402-90 Пластины твердосплавные напаиваемые типа 09. Конструкция и размеры; ГОСТ 25396-90 (СТ СЭВ 3308-81) Пластины твердосплавные напаиваемые типов 10, 70. Конструкция и размеры; ГОСТ 25398-90 (СТ СЭВ 126-74) Пластины твердосплавные напаиваемые типа 11. Конструкция и размеры; |
| Serie: | Государственные стандарты |
| Soggetti: | |
| Natura: | Libro |
| KOHA link: | https://koha.lib.tpu.ru/cgi-bin/koha/opac-detail.pl?biblionumber=148089 |
MARC
| LEADER | 00000nam0a2200000 4500 | ||
|---|---|---|---|
| 001 | 148089 | ||
| 005 | 20231031145312.0 | ||
| 035 | |a (RuTPU)RU\TPU\book\160522 | ||
| 035 | |a RU\TPU\book\160518 | ||
| 090 | |a 148089 | ||
| 100 | |a 20081126d1991 km y0rusy50 ca | ||
| 101 | 0 | |a rus | |
| 102 | |a RU | ||
| 105 | |a a l 000zy | ||
| 200 | 1 | |a Пластины твердосплавные напаиваемые для режущего инструмента | |
| 205 | |a Изд. официальное | ||
| 210 | |a Москва |c Издательство стандартов |d 1991 | ||
| 215 | |a 160 с. |c ил. | ||
| 225 | 1 | |a Государственные стандарты | |
| 229 | |a Введены в действие Постановлением Государственного комитета по управлению качеством продукции и стандартам от 31.10.90 | ||
| 464 | |t ГОСТ 25393-90 Пластины твердосплавные напаиваемые для режущего инструмента. Типы | ||
| 464 | |t ГОСТ 2209-90 (СТ СЭВ 676-77) Пластины твердосплавные напаиваемые для режущего инструмента. Технические условия | ||
| 464 | |t ГОСТ 25395-90 (СТ СЭВ 118-74, СТ СЭВ 124-74, СТ СЭВ 3308-81) Пластины твердосплавные напаиваемые типов 01, 02, 61, 62. Конструкция и размеры | ||
| 464 | |t ГОСТ 25397-90 (СТ СЭВ 121-74) Пластины твердосплавные напаиваемые типов 06, 66. Конструкция и размеры | ||
| 464 | |t ГОСТ 25426-90 (СТ СЭВ 120-74, СТ СЭВ 3310-81) Пластины твердосплавные напаиваемые типов 07, 67. Конструкция и размеры | ||
| 464 | |t ГОСТ 25402-90 Пластины твердосплавные напаиваемые типа 09. Конструкция и размеры | ||
| 464 | |t ГОСТ 25396-90 (СТ СЭВ 3308-81) Пластины твердосплавные напаиваемые типов 10, 70. Конструкция и размеры | ||
| 464 | |t ГОСТ 25398-90 (СТ СЭВ 126-74) Пластины твердосплавные напаиваемые типа 11. Конструкция и размеры | ||
| 610 | 1 | |a ГОСТы | |
| 610 | 1 | |a пластины | |
| 610 | 1 | |a твердосплавные пластины | |
| 610 | 1 | |a режущий инструмент | |
| 610 | 1 | |a конструкции | |
| 610 | 1 | |a размеры | |
| 712 | 0 | 1 | |a СССР |b Государственный комитет по управлению качеством продукции и стандартам (Госстандарт) |c (1989-1991) |2 stltpush |3 (RuTPU)RU\TPU\col\12455 |
| 801 | 1 | |a RU |b 63413507 |c 20031205 |g PSBO | |
| 801 | 2 | |a RU |b 63413507 |c 20221208 |g PSBO | |
| 942 | |c BK | ||